2022 NCAA Football Upsets - Statistics

General Stats
  • This quiz has been taken 215 times
    190 since last reset
  • The average score is 52 of 76
Answer Stats
Week Team Defeated Rank Score Winning Team Rank % Correct
1 Utah 7 29-26 Florida -
89%
10 Kansas State 13 34-27 Texas 24
89%
13 Ohio State 2 45-23 Michigan 3
87%
5 Oklahoma 18 55-24 TCU -
85%
7 Oklahoma State 8 43-40 (2OT) TCU 13
85%
Bowls Michigan 2 51-45 TCU 3
85%
2 Pitt 17 34-27 (OT) Tennessee 24
85%
7 Alabama 3 52-49 Tennessee 6
85%
10 Tennessee 1 27-13 Georgia 3
82%
7 USC 7 43-43 Utah 20
82%
14 USC 4 47-24 Utah 11
82%
10 Oklahoma State 18 37-16 Kansas -
81%
5 Kentucky 7 22-19 Ole Miss 14
80%
3 Michigan State 11 39-28 Washington -
80%
10 Oregon State 23 24-21 Washington -
80%
11 Oregon 6 37-34 Washington 25
80%
3 BYU 12 41-20 Oregon 25
79%
8 UCLA 9 45-30 Oregon 10
79%
12 Utah 10 20-17 Oregon 12
79%
4 Oklahoma 6 41-34 Kansas State -
78%
9 Oklahoma State 9 48-0 Kansas State 22
78%
14 TCU 3 31-28 (OT) Kansas State 10
78%
7 Kansas 19 52-42 Oklahoma -
78%
12 Oklahoma State 22 28-13 Oklahoma -
78%
8 Ole Miss 7 45-20 LSU -
77%
10 Alabama 6 32-31 (OT) LSU 10
77%
6 Kentucky 13 24-14 South Carolina -
77%
12 Tennessee 5 63-38 South Carolina -
77%
13 Clemson 8 31-30 South Carolina -
77%
2 Florida 12 26-16 Kentucky 20
76%
7 Mississippi State 16 27-17 Kentucky 22
76%
13 Louisville 25 26-13 Kentucky -
76%
6 BYU 16 28-20 Notre Dame -
75%
9 Syracuse 16 41-24 Notre Dame -
75%
10 Clemson 4 35-14 Notre Dame -
75%
Bowls South Carolina 19 45-38 Notre Dame 21
75%
Bowls USC 10 46-45 Tulane 16
72%
3 Miami (FL) 13 17-9 Texas A&M 24
71%
4 Arkansas 10 23-21 Texas A&M 23
71%
13 LSU 5 38-23 Texas A&M -
71%
5 Washington 15 40-32 UCLA -
71%
6 Utah 11 42-32 UCLA 18
71%
13 Ole Miss 20 24-22 Mississippi State -
70%
Bowls Utah 8 35-21 Penn State 11
70%
10 Wake Forest 21 30-21 NC State 22
69%
13 North Carolina 17 30-27 (2OT) NC State -
69%
13 Oregon 9 38-34 Oregon State 21
69%
2 Baylor 9 26-20 BYU 21
65%
2 Wisconsin 19 17-14 Washington State -
65%
Bowls UCLA 18 37-35 Pitt -
64%
10 Syracuse 20 19-9 Pittsburgh -
64%
12 Ole Miss 14 42-27 Arkansas -
63%
2 Houston 25 33-30 (2OT) Texas Tech -
63%
4 Texas 22 37-34 (OT) Texas Tech -
63%
2 Texas A&M 6 17-14 Appalachian State -
61%
11 UCLA 12 34-28 Arizona -
61%
10 Illinois 16 23-15 Michigan State -
61%
2 Notre Dame 8 26-21 Marshall -
59%
7 NC State 15 24-9 Syracuse 18
58%
11 Kentucky 24 24-21 Vanderbilt -
56%
9 Cincinnati 20 25-21 UCF -
54%
11 Tulane 17 38-21 UCF 22
54%
6 Washington 21 45-38 Arizona State -
53%
5 Pitt 24 26-21 Georgia Tech -
52%
12 North Carolina 13 21-17 Georgia Tech -
52%
5 Minnesota 21 20-10 Purdue -
51%
11 Illinois 21 31-24 Purdue -
51%
9 South Carolina 25 23-10 Missouri -
50%
9 Wake Forest 10 48-21 Louisville -
49%
12 NC State 24 25-10 Louisville -
49%
11 NC State 16 21-20 Boston College -
42%
Bowls NC State 23 16-12 Maryland -
42%
4 Miami (FL) 25 45-31 Middle Tennessee -
35%
5 Texas A&M 17 42-24 Mississippi State -
32%
12 UCF 20 17-14 Navy -
32%
7 James Madison 25 45-38 Georgia Southern -
27%
No matching quizzes found
Score Distribution
Percent of People with Each Score
Percentile by Number Answered
Your Score History
You have not taken this quiz since the last reset